El productor ejecutivo de programas de entretenimiento : jerarquías en la producción audiovisual /

El presente artículo tiene por objeto analizar el perfil profesional del productor ejecutivo en la industria audiovisual, como máximo responsable creativo y económico de los proyectos de entretenimiento. Para ello, en primer lugar, se confrontan las visiones que sobre esta figura predominan en el se...

Full description

Bibliographic Details
Main Author: Guerrero, Enrique
Format: Analitica de revista
Language:Spanish
Published: Sevilla, España Universidad de Sevilla, Departamento de Periodismo 2012
Subjects:
Online Access:Acceso electrónico al documeto

MARC

LEADER 00000cab a2200000 a 4500
001 024574
003 UAHC_CL
005 20180806152757.0
008 100118s es 000 spa
952 |0 0  |1 0  |4 0  |6 AMBITOS___REV__INT__COMUN_21_12_000000000000000  |7 0  |8 General  |9 49126  |a BC  |b BC  |c General  |d 2017-08-03  |l 0  |o AMBITOS. REV. INT. COMUN.-21/12  |p FICTICIO196  |r 2019-01-08 00:00:00  |t 1  |w 2017-08-03  |y REVA 
999 |c 24574  |d 24574 
040 |a UAHC_CL  |c UAHC_CL  |d UAHC_CL 
100 1 |a Guerrero, Enrique 
245 1 3 |a El productor ejecutivo de programas de entretenimiento :  |b jerarquías en la producción audiovisual /  |c Enrique Guerrero. 
260 |b Universidad de Sevilla, Departamento de Periodismo  |a Sevilla, España  |c 2012 
300 |a pp. 257-280 
310 |a Semestral 
500 |a En: Ambitos, n°21, 2012. pp. 257-280. ISSN 11391979 
520 |a El presente artículo tiene por objeto analizar el perfil profesional del productor ejecutivo en la industria audiovisual, como máximo responsable creativo y económico de los proyectos de entretenimiento. Para ello, en primer lugar, se confrontan las visiones que sobre esta figura predominan en el sector televisivo anglosajón y en el español y, a continuación, se destacan sus cualidades y aptitudes. Para concluir, se estudian las jerarquías de producción establecidas en las cadenas y productoras de contenidos, así como las funciones de los distintos profesionales que las integran. Como resultado, se obtiene el proceso seguido en la toma de decisiones de toda producción audiovisual. 
650 4 |a TELEVISION 
650 4 |a produccion audiovisual 
653 |a PERIODISMO 
773 0 |t çmbitos : revista internacional de comunicación  |w 024562 
856 |u http://grupo.us.es/grehcco/ambitos21/13guerrero.pdf  |y Acceso electrónico al documeto 
900 |a AMBITOS. REV. INT. COMUN.-21/12 
942 |c REVA  |2 ddc